[Event "Eliteserien 2008-2009"]
[Site "Haraldsheim"]
[Date "2008.11.07"]
[Round "1"]
[White "Haugli, Petter"]
[Black "Husstad-Nedberg, Benjamin."]
[Result "1-0"]
[WhiteElo "2229"]
[BlackElo "1975"]
[PlyCount "45"]
[EventDate "2008.??.??"]

1. d4 e6 2. c4 f5 3. Nf3 Nf6 4. g3 Be7 5. Bg2 O-O 6. O-O d6 7. b4 a5 8. b5 Nbd7
9. Bb2 Qe8 10. Nbd2 Qh5 11. Qc2 Ng4 12. e4 fxe4 13. Qxe4 Ndf6 14. Qd3 e5 15.
dxe5 Bf5 16. Qe2 dxe5 17. h3 e4 18. Nd4 Rad8 19. Nxf5 Qxf5 20. hxg4 Nxg4 21.
Bh3 Qxf2+ 22. Rxf2 Rxf2 23. Qxg4 
1-0

[Event "Eliteserien 2008-2009"]
[Site "Haraldsheim"]
[Date "2008.11.07"]
[Round "1"]
[White "Elsness, Frode"]
[Black "Djurhuus, Rune"]
[Result "1-0"]
[WhiteElo "2425"]
[BlackElo "2459"]
[PlyCount "67"]
[EventDate "2008.??.??"]

1. d4 Nf6 2. c4 Nc6 3. Nf3 d6 4. Nc3 e5 5. d5 Ne7 6. e4 g6 7. Be2 Bg7 8. O-O
O-O 9. b4 a5 10. Ba3 Ne8 11. c5 axb4 12. Bxb4 dxc5 13. Bxc5 Nd6 14. a4 Kh8 15.
Qb3 Bg4 16. Rfe1 b6 17. Bb4 Bxf3 18. Bxf3 f5 19. Nb5 fxe4 20. Bxe4 Nef5 21.
Bxf5 Rxf5 22. Bxd6 cxd6 23. Rac1 Qh4 24. Nxd6 Qxf2+ 25. Kh1 Rf4 26. Ne4 Qd4 27.
Ng5 Qxa4 28. Qxb6 Qa6 29. Qxa6 Rxa6 30. Ne6 Rf8 31. Nxf8 Bxf8 32. Rxe5 Kg7 33.
g3 Ra5 34. Rd1 
1-0

[Event "Eliteserien 2008-2009"]
[Site "Haraldsheim"]
[Date "2008.11.07"]
[Round "1"]
[White "Skrondal, Inge Sandstad"]
[Black "Kveinys, Aloyzas"]
[Result "0-1"]
[WhiteElo "2179"]
[BlackElo "2600"]
[PlyCount "36"]
[EventDate "2008.??.??"]

1. Nf3 d5 2. d4 Nf6 3. c4 e6 4. g3 dxc4 5. Bg2 a6 6. O-O Nc6 7. e3 Bd7 8. Nc3
Nd5 9. Qe2 Nb6 10. Nd2 Na5 11. b3 cxb3 12. axb3 Bb4 13. Bb2 O-O 14. Rfd1 Qe7
15. Qh5 f5 16. Rab1 Bc6 17. Bf1 Nd5 18. Nxd5 Bxd5 
0-1

[Event "Eliteserien 2008-2009"]
[Site "Haraldsheim"]
[Date "2008.11.07"]
[Round "1"]
[White "Thomassen, Joachim"]
[Black "Thorstensen, Trond"]
[Result "1/2-1/2"]
[WhiteElo "2308"]
[BlackElo "2175"]
[PlyCount "102"]
[EventDate "2008.??.??"]

1. e4 e6 2. d4 d5 3. Nc3 dxe4 4. Nxe4 Nd7 5. Nf3 Be7 6. Bd3 Ngf6 7. Nxf6+ Nxf6
8. Bg5 c5 9. Qe2 cxd4 10. O-O-O Nd5 11. Bb5+ Bd7 12. Bxe7 Kxe7 13. Rxd4 Bxb5
14. Qxb5 Qb6 15. Qe2 Rhd8 16. Rhd1 Nf6 17. Qe5 Rxd4 18. Nxd4 Rd8 19. Nf5+ Kf8
20. Rxd8+ Qxd8 21. Qd6+ Qxd6 22. Nxd6 Ng4 23. Nxb7 Nxh2 24. Kd2 Ng4 25. f3 Ne5
26. Nd6 h5 27. b4 h4 28. Ke2 f5 29. a4 g5 30. b5 Ke7 31. Nc8+ Kd7 32. Nxa7 Kc7
33. a5 Kb7 34. b6 Nc4 35. Nb5 Nxa5 36. Nd4 Nc4 37. Nxe6 g4 38. Nd4 Nd6 39. Ke3
h3 40. gxh3 gxh3 41. Kf2 Kxb6 42. Kg3 Kc5 43. Ne2 Nc4 44. Kxh3 Ne3 45. c3 Kc4
46. Kh4 Kd3 47. Ng3 Ng2+ 48. Kg5 Ne1 49. f4 Kxc3 50. Kxf5 Ng2 51. Ke4 Nxf4
1/2-1/2

[Event "Eliteserien 2008-2009"]
[Site "Haraldsheim"]
[Date "2008.11.07"]
[Round "1"]
[White "Andersen, Alf Roger"]
[Black "Forså, Espen"]
[Result "1-0"]
[WhiteElo "2197"]
[BlackElo "2313"]
[PlyCount "57"]
[EventDate "2008.??.??"]

1. e4 c5 2. Nf3 d6 3. d4 cxd4 4. Nxd4 Nf6 5. Nc3 a6 6. Bg5 e6 7. f4 b5 8. e5
dxe5 9. fxe5 Qc7 10. Bxb5+ axb5 11. exf6 Qe5+ 12. Qe2 Qxg5 13. Ndxb5 Ra5 14.
fxg7 Bxg7 15. Ne4 Qe5 16. Nbd6+ Ke7 17. O-O f5 18. Rad1 Rd5 19. Qc4 Ba6 20. Qb4
Kd7 21. c4 Rd4 22. Nc5+ Kc6 23. Ndb7 Bf8 24. Na5+ Kc7 25. Nxa6+ Nxa6 26. Qb7+
Kd6 27. Qxa6+ Kd7 28. Qa7+ Ke8 29. Rxd4 
1-0

[Event "Eliteserien 2008-2009"]
[Site "Haraldsheim"]
[Date "2008.11.07"]
[Round "1"]
[White "Briseid, Håkon"]
[Black "Stray, Gunnar"]
[Result "1-0"]
[WhiteElo "1897"]
[BlackElo "1967"]
[PlyCount "81"]
[EventDate "2008.??.??"]

1. d4 f5 2. c4 Nf6 3. g3 e6 4. Bg2 d5 5. Nh3 c6 6. O-O Be7 7. Qc2 O-O 8. Nd2
Ne4 9. Nf4 Nxd2 10. Bxd2 g5 11. Nd3 Nd7 12. c5 Bf6 13. Bc3 Qe7 14. Qd2 Qg7 15.
Qe3 Kh8 16. b4 Rg8 17. f4 Nf8 18. Kh1 Bd7 19. Kg1 Re8 20. Qf2 Re7 21. e3 Be8
22. Bf3 h5 23. Kh1 g4 24. Be2 h4 25. Kg2 Qh6 26. Rh1 Rh7 27. a4 Kg7 28. Rab1
Rgh8 29. Qe1 Qg6 30. Nf2 Rh5 31. Qg1 R8h6 32. b5 cxb5 33. Bxb5 Bf7 34. Bd3 Qh7
35. Rxb7 hxg3 36. hxg3 Rxh1 37. Nxh1 Rh3 38. c6 Bh4 39. c7 Rxg3+ 40. Nxg3 Bxg3
41. Kxg3 
1-0

[Event "Eliteserien 2008-2009"]
[Site "Haraldsheim"]
[Date "2008.11.07"]
[Round "1"]
[White "Richter, Michael"]
[Black "Tisdall, Jonathan"]
[Result "1/2-1/2"]
[WhiteElo "2365"]
[BlackElo "2386"]
[PlyCount "79"]
[EventDate "2008.??.??"]

1. d4 Nf6 2. Bg5 d5 3. e3 c6 4. Bd3 Bg4 5. Ne2 Nbd7 6. O-O e5 7. f3 Be6 8. c3
Be7 9. Ng3 O-O 10. Bxf6 Bxf6 11. f4 e4 12. Be2 g6 13. Nd2 Bg7 14. f5 gxf5 15.
Nxf5 Bf6 16. Bg4 Kh8 17. Qe2 Bg5 18. Rf2 Nf6 19. Bh3 Rg8 20. Raf1 Rg6 21. Kh1
Qc7 22. Re1 Rag8 23. Nf1 Bxf5 24. Rxf5 Ne8 25. Rf2 Nd6 26. Ng3 Bh4 27. Ref1
Bxg3 28. hxg3 Rxg3 29. Qh5 R3g5 30. Qh6 Qe7 31. Rf4 R8g6 32. Qh4 f6 33. R1f2
Qg7 34. Rf1 Rh6 35. Qf2 Rg3 36. Rxf6 Rgxh3+ 37. gxh3 Rxh3+ 38. Qh2 Qg3 39. Rf8+
Kg7 40. R8f2 
1/2-1/2

[Event "Eliteserien 2008-2009"]
[Site "Haraldsheim"]
[Date "2008.11.07"]
[Round "1"]
[White "Ulrichsen, Jarl H"]
[Black "Diesen, Bruce"]
[Result "1/2-1/2"]
[WhiteElo "2115"]
[BlackElo "2141"]
[PlyCount "107"]
[EventDate "2008.??.??"]

1. d4 Nf6 2. Nf3 g6 3. g3 Bg7 4. Bg2 O-O 5. O-O d6 6. c3 Nc6 7. Nbd2 e5 8. dxe5
dxe5 9. Nc4 Qe7 10. Ne3 h6 11. Qc2 Be6 12. b3 Rfd8 13. Bb2 Nh5 14. Rad1 f5 15.
Rxd8+ Rxd8 16. Rd1 e4 17. Nd4 Nxd4 18. cxd4 c6 19. Nc4 Nf6 20. e3 g5 21. Ba3
Qf7 22. Ne5 Qe8 23. Bc5 a6 24. Bb6 Rc8 25. Bf1 h5 26. Rc1 h4 27. gxh4 g4 28. h3
Qh5 29. hxg4 fxg4 30. Bg2 Bd5 31. Bc5 Re8 32. Bd6 Re6 33. Bb8 b5 34. Qe2 Qxh4
35. Rc3 Qh5 36. Qc2 Qe8 37. Bc7 Bf8 38. Qe2 Bb4 39. Rc2 Qh5 40. Bd8 Rxe5 41.
dxe5 Nd7 42. Bf6 Kf7 43. Qd1 Be7 44. Rd2 Bxf6 45. Rxd5 Nxe5 46. Rxe5 Qxe5 47.
Qd7+ Be7 48. Qxg4 Qa1+ 49. Bf1 Qe5 50. Qd7 Qe6 51. Qxe6+ Kxe6 52. Bg2 Ke5 53.
Kf1 Bg5 54. Ke2 
1/2-1/2

[Event "Eliteserien 2008-2009"]
[Site "Haraldsheim"]
[Date "2008.11.07"]
[Round "1"]
[White "Sahl, Bjarke"]
[Black "David, Edwin"]
[Result "0-1"]
[WhiteElo "2347"]
[BlackElo "2139"]
[PlyCount "86"]
[EventDate "2008.??.??"]

1. d4 d5 2. c4 e5 3. e3 exd4 4. exd4 Bb4+ 5. Nc3 Nf6 6. Nf3 O-O 7. Be2 Ne4 8.
Qb3 Qe7 9. O-O Nxc3 10. bxc3 Qxe2 11. Qxb4 Nc6 12. Qc5 Bg4 13. Re1 Qxc4 14.
Qxc4 dxc4 15. d5 Bxf3 16. gxf3 Na5 17. Ba3 Rfd8 18. Rad1 b6 19. Bb4 Nb7 20. a4
a6 21. Re7 Rac8 22. Rd4 b5 23. axb5 axb5 24. h4 Nd6 25. Rf4 Rf8 26. h5 g5 27.
Rf6 Kg7 28. Rfe6 Nf5 29. h6+ Nxh6 30. Re5 Kf6 31. f4 gxf4 32. Re4 Rg8+ 33. Kf1
Rg4 34. f3 Rh4 35. Rd7 Kf5 36. d6 c5 37. Rc7 Ra8 38. Rxc5+ Kf6 39. Rce5 Ra1+
40. Kg2 Rhh1 41. Bc5 Nf5 42. Rxf5+ Kxf5 43. Re2 h5 
0-1

[Event "Eliteserien 2008-2009"]
[Site "Haraldsheim"]
[Date "2008.11.07"]
[Round "1"]
[White "Lundeby, Øyvind Andersen"]
[Black "Aulin-Jansson, Jøran"]
[Result "1/2-1/2"]
[WhiteElo "2189"]
[BlackElo "2183"]
[PlyCount "136"]
[EventDate "2008.??.??"]

1. d4 Nf6 2. Bf4 g6 3. e3 Bg7 4. Nf3 d6 5. Be2 O-O 6. O-O c5 7. c3 b6 8. h3 Bb7
9. Nbd2 Nbd7 10. Qb1 Nh5 11. Bh2 e5 12. dxe5 dxe5 13. Nc4 e4 14. Nfd2 f5 15. a4
Bc6 16. Qc2 Kh8 17. Rfd1 Qe8 18. Nd6 Qe7 19. Bxh5 gxh5 20. N2c4 Ne5 21. Nxe5
Bxe5 22. Bxe5+ Qxe5 23. Qb3 Qg7 24. Qe6 Bd7 25. Qd5 Rab8 26. f4 exf3 27. Qxf3
Rf6 28. Rd2 Rg8 29. Rf1 Qg6 30. Qd5 Bxa4 31. Rxf5 Rxf5 32. Nxf5 Re8 33. Rf2 Bc6
34. Qd6 Qxd6 35. Nxd6 Rxe3 36. Nc8 Kg7 37. Nxa7 Re1+ 38. Kh2 Bd5 39. Nb5 Kg6
40. Rd2 Re5 41. Nd6 Kf6 42. Nb5 Bc6 43. Na3 b5 44. Nc2 h4 45. Kg1 Ke6 46. Kf2
Rf5+ 47. Ke1 Rg5 48. Kf1 Rg3 49. Ne1 Be4 50. Kf2 Ke5 51. Rd8 b4 52. cxb4 cxb4
53. Rd2 Kf5 54. Kf1 Ke5 55. Kf2 Rg6 56. Nd3+ Bxd3 57. Rxd3 Ke4 58. Rb3 Rb6 59.
g3 Kd4 60. gxh4 Rf6+ 61. Ke2 Re6+ 62. Kd2 Kc4 63. Rg3 Rf6 64. b3+ Kd4 65. Rg4+
Kc5 66. Rg5+ Kd4 67. Rg4+ Kc5 68. Rg5+ Kd4 
1/2-1/2

[Event "Eliteserien 2008-2009"]
[Site "Haraldsheim"]
[Date "2008.11.07"]
[Round "1"]
[White "Hammerstad, Åsmund"]
[Black "Kolås, Tore"]
[Result "1/2-1/2"]
[WhiteElo "2170"]
[BlackElo "2144"]
[PlyCount "54"]
[EventDate "2008.??.??"]

1. d4 d5 2. c4 c6 3. Nc3 Nf6 4. e3 e6 5. Nf3 Nbd7 6. Qc2 Bd6 7. Bd3 h6 8. O-O
O-O 9. b3 b6 10. cxd5 cxd5 11. Nb5 Qe7 12. a4 Bb4 13. Nc7 Rb8 14. Na6 Bxa6 15.
Bxa6 Rbd8 16. Qe2 Nb8 17. Bb2 Ne4 18. Rfc1 f5 19. Ne5 Qf6 20. Bd3 f4 21. Bxe4
dxe4 22. exf4 Qxf4 23. Rc7 Bd6 24. g3 Qxf2+ 25. Qxf2 Rxf2 26. Kxf2 Bxc7 27. Nc4
Nc6 
1/2-1/2

[Event "Eliteserien 2008-2009"]
[Site "Haraldsheim"]
[Date "2008.11.07"]
[Round "1"]
[White "Stokke, Kjetil"]
[Black "Gabrielsen, Stig"]
[Result "1-0"]
[WhiteElo "2305"]
[BlackElo "2344"]
[PlyCount "93"]
[EventDate "2008.??.??"]

1. Nf3 g6 2. c4 Bg7 3. e4 d6 4. d4 Bg4 5. Be2 Nc6 6. Be3 e5 7. d5 Bxf3 8. Bxf3
Nd4 9. Bxd4 exd4 10. Nd2 c5 11. dxc6 bxc6 12. b4 Qb6 13. Rb1 Ne7 14. c5 dxc5
15. Nc4 Qc7 16. bxc5 O-O 17. O-O Rab8 18. Qa4 Rfd8 19. Qa3 g5 20. Be2 Be5 21.
g3 Ng6 22. Qf3 Qe7 23. Qa3 Qd7 24. Qd3 Bc7 25. Rxb8 Bxb8 26. Bh5 Qe7 27. Bxg6
hxg6 28. Na5 Qe6 29. Rd1 Kg7 30. Nb7 Rd7 31. Nd6 Qe5 32. Qxd4 Qxd4 33. Rxd4
Bxd6 34. Rxd6 Re7 35. f3 g4 36. Kf2 Rb7 37. fxg4 Rb2+ 38. Ke3 Rxh2 39. Rxc6
Rxa2 40. g5 Kf8 41. Rc7 Ra3+ 42. Kd4 Ra1 43. Rb7 Rd1+ 44. Ke5 a5 45. Ra7 Ra1
46. c6 a4 47. c7 
1-0

[Event "Eliteserien 2008-2009"]
[Site "Haraldsheim"]
[Date "2008.11.07"]
[Round "1"]
[White "Skodvin, Eilif"]
[Black "Gullaksen, Eirik"]
[Result "1/2-1/2"]
[WhiteElo "2328"]
[BlackElo "2387"]
[PlyCount "87"]
[EventDate "2008.??.??"]

1. d4 Nf6 2. Nf3 g6 3. Nbd2 Bg7 4. e4 d6 5. Bd3 O-O 6. O-O Nc6 7. d5 Nb4 8. Be2
c5 9. c3 Na6 10. Re1 Nc7 11. Bf1 a6 12. a4 b6 13. Nc4 Rb8 14. h3 Bd7 15. a5 b5
16. Nb6 Be8 17. c4 Nd7 18. Nxd7 Bxd7 19. e5 bxc4 20. Bxc4 Bb5 21. b3 f6 22.
exf6 exf6 23. Bf4 Qd7 24. Ra2 Rfe8 25. Rae2 Rxe2 26. Qxe2 Re8 27. Qd2 Rxe1+ 28.
Qxe1 Bf8 29. Nd2 f5 30. Qe3 Qe7 31. Qg3 Kf7 32. Kh2 Ke8 33. Qd3 g5 34. Bxb5+
Nxb5 35. Qxf5 gxf4 36. Qc8+ Kf7 37. Qxa6 Nd4 38. Nc4 Qe1 39. Nxd6+ Kg8 40. Qc8
Qxf2 41. Qg4+ Bg7 42. Qc8+ Bf8 43. Qg4+ Bg7 44. Qc8+ 
1/2-1/2

[Event "Eliteserien 2008-2009"]
[Site "Haraldsheim"]
[Date "2008.11.07"]
[Round "1"]
[White "Bern, Ivar"]
[Black "Gabrielsen, Trond"]
[Result "1/2-1/2"]
[WhiteElo "2252"]
[BlackElo "2300"]
[PlyCount "76"]
[EventDate "2008.??.??"]

1. d4 Nf6 2. Nf3 g6 3. Bf4 Bg7 4. e3 O-O 5. Be2 d6 6. h3 Nbd7 7. O-O Qe8 8. Bh2
e5 9. c4 Ne4 10. Nc3 Nxc3 11. bxc3 Qe7 12. a4 a5 13. Nd2 f5 14. Kh1 b6 15. f4
Bb7 16. Bf3 Bxf3 17. Qxf3 exd4 18. cxd4 Nf6 19. Rab1 Rae8 20. Bg1 Qd7 21. Rb5
Re7 22. Bf2 Rfe8 23. Rg1 Kh8 24. g4 fxg4 25. hxg4 Ne4 26. Nxe4 Rxe4 27. f5 gxf5
28. Qxf5 Qe7 29. Qh5 Rxe3 30. Bxe3 Qxe3 31. Re5 Qf3+ 32. Rg2 Qf1+ 33. Rg1 Qf3+
34. Rg2 Rxe5 35. dxe5 Qf1+ 36. Rg1 Qf3+ 37. Rg2 Qf1+ 38. Rg1 Qf3+ 
1/2-1/2

[Event "Eliteserien 2008-2009"]
[Site "Haraldsheim"]
[Date "2008.11.07"]
[Round "1"]
[White "Johansen, Terje"]
[Black "Borchgrevink, Harald B"]
[Result "1/2-1/2"]
[WhiteElo "2182"]
[BlackElo "2271"]
[PlyCount "30"]
[EventDate "2008.??.??"]

1. d4 Nf6 2. c4 e6 3. Nc3 Bb4 4. Qc2 d5 5. cxd5 exd5 6. Bg5 h6 7. Bxf6 Qxf6 8.
a3 Bxc3+ 9. Qxc3 c6 10. Nf3 O-O 11. e3 Bf5 12. Ne5 Nd7 13. Nxd7 Bxd7 14. Be2
Qg5 15. Bf3 Rae8 
1/2-1/2

[Event "Eliteserien 2008-2009"]
[Site "Haraldsheim"]
[Date "2008.11.07"]
[Round "1"]
[White "Hagesæther, Halvard"]
[Black "Kirkebø, Carl Peter"]
[Result "1/2-1/2"]
[WhiteElo "2238"]
[BlackElo "2076"]
[PlyCount "80"]
[EventDate "2008.??.??"]

1. e4 c5 2. Nf3 Nc6 3. Bb5 g6 4. Bxc6 dxc6 5. O-O Bg7 6. d3 Nf6 7. Nc3 Nd7 8.
Be3 e5 9. Qd2 Qe7 10. Bh6 O-O 11. h3 f6 12. Bxg7 Kxg7 13. Nh2 Nb6 14. f4 exf4
15. Rxf4 Be6 16. Raf1 Rf7 17. R4f2 Raf8 18. Nf3 Nd7 19. Ne2 h6 20. Nf4 b6 21.
b3 Ne5 22. Nh4 Bc8 23. Qe3 Kh7 24. Ne2 Re8 25. Qg3 Rg8 26. Kh1 f5 27. exf5 gxf5
28. Qf4 Ng4 29. hxg4 Qxh4+ 30. Kg1 Rxg4 31. Qb8 Rg8 32. Nf4 Qf6 33. Re1 Qd4 34.
Qe5 Rfg7 35. Kf1 Rg4 36. Qxd4 cxd4 37. Re7+ R8g7 38. Re8 Rg8 39. Re7+ R8g7 40.
Re8 Rg8 
1/2-1/2

[Event "Eliteserien 2008-2009"]
[Site "Haraldsheim"]
[Date "2008.11.07"]
[Round "1"]
[White "Valaker, Ole Johan"]
[Black "Martinsen, Stig K."]
[Result "0-1"]
[WhiteElo "2067"]
[BlackElo "2093"]
[PlyCount "124"]
[EventDate "2008.??.??"]

1. d4 d6 2. Nf3 g6 3. c3 Nf6 4. Bg5 Nbd7 5. Nbd2 Bg7 6. e4 O-O 7. Be2 e5 8.
dxe5 dxe5 9. Qc2 a6 10. O-O Qe8 11. b4 h6 12. Bh4 Nh5 13. Rfe1 Nf4 14. Bf1 b6
15. Nc4 Bb7 16. Nfd2 Qe6 17. Ne3 Nf6 18. Bc4 Qc8 19. f3 b5 20. Bf1 c5 21. Nb3
Ne6 22. Na5 cxb4 23. cxb4 Qxc2 24. Nxc2 Rac8 25. Ne3 Ba8 26. Bg3 Nh5 27. Bf2
Nd4 28. a4 Rfd8 29. axb5 axb5 30. Rab1 Bf8 31. Red1 f5 32. exf5 gxf5 33. Bh4
Re8 34. Kf2 Nf4 35. Bg3 Ng6 36. Bxe5 Nxf3 37. gxf3 Rxe5 38. Bh3 Nh4 39. Rd4
Nxf3 40. Rf4 Ng5 41. Bxf5 Rc3 42. Nf1 Be4 43. Bxe4 Nh3+ 44. Ke2 Nxf4+ 45. Kd2
Ra3 46. Ng3 Bxb4+ 47. Rxb4 Rxa5 48. Bc2 Ne6 49. Nf5 h5 50. Ne7+ Kg7 51. Nc6
Rd5+ 52. Kc1 Ra3 53. Re4 Ng5 54. Re2 Rh3 55. Ne7 Rc5 56. Nf5+ Kf6 57. Ng3 Re5
58. Rf2+ Ke7 59. Bf5 Rh4 60. Rd2 Rc4+ 61. Bc2 Nf3 62. Rf2 Nd4 
0-1

[Event "Eliteserien 2008-2009"]
[Site "Haraldsheim"]
[Date "2008.11.07"]
[Round "1"]
[White "Tallaksen, Levi André"]
[Black "Elseth, Roar"]
[Result "1/2-1/2"]
[WhiteElo "2036"]
[BlackElo "2233"]
[PlyCount "125"]
[EventDate "2008.??.??"]

1. d4 Nf6 2. Nf3 e6 3. Bg5 d5 4. e3 Be7 5. Bd3 Nbd7 6. O-O c5 7. c3 Qc7 8. Nbd2
b6 9. e4 dxe4 10. Nxe4 O-O 11. dxc5 bxc5 12. Qe2 Bb7 13. Rad1 Rad8 14. Bb1 Rfe8
15. Rfe1 Bxe4 16. Bxe4 Nxe4 17. Qxe4 Bxg5 18. Nxg5 Nf6 19. Qa4 Qb7 20. Qc2 h6
21. Nf3 Nd5 22. Rd2 Nf4 23. Red1 Rxd2 24. Rxd2 Qc6 25. Qd1 Qe4 26. g3 Nd5 27.
Ne1 Rb8 28. Qe2 Qb1 29. c4 Nb4 30. a3 Nc6 31. Kg2 Qc1 32. Nf3 a5 33. Qf1 Qxf1+
34. Kxf1 Rb3 35. Ne1 Ne5 36. Rc2 g5 37. h3 a4 38. Ke2 Kg7 39. Kd1 Kf6 40. Kc1
Kf5 41. Re2 h5 42. Ng2 Kf6 43. Ne3 Kg6 44. Nd1 Nxc4 45. Re4 Nb6 46. Nc3 c4 47.
Kc2 Kf5 48. Rd4 Ke5 49. Rd2 f5 50. Re2+ Kf6 51. Rd2 g4 52. hxg4 hxg4 53. Rd4
Ke7 54. Rd1 e5 55. Rd2 e4 56. Rd4 Ke6 57. Rd2 Ke7 58. Rd4 Kf6 59. Rd6+ Ke5 60.
Rd8 Ke6 61. Re8+ Kf7 62. Rd8 Ke7 63. Rd4 
1/2-1/2

[Event "Eliteserien 2008-2009"]
[Site "Haraldsheim"]
[Date "2008.11.07"]
[Round "1"]
[White "Cengija, Vanja"]
[Black "Hobber, Anders"]
[Result "0-1"]
[WhiteElo "2220"]
[BlackElo "1995"]
[PlyCount "84"]
[EventDate "2008.??.??"]

1. d4 e6 2. c4 d5 3. Nc3 c6 4. Nf3 dxc4 5. a4 Bb4 6. e3 b5 7. Ne5 Bb7 8. Qf3
Qc7 9. Qg4 g6 10. Be2 Nd7 11. Nxd7 Qxd7 12. O-O a6 13. Rd1 Nf6 14. Qh4 Be7 15.
Qh6 Bf8 16. Qf4 Nd5 17. Qe5 Nxc3 18. bxc3 Rg8 19. e4 O-O-O 20. Be3 f5 21. d5
exd5 22. exd5 Bd6 23. Qd4 c5 24. Qd2 g5 25. f3 Rde8 26. Bf1 f4 27. Bf2 h5 28.
axb5 axb5 29. Rdb1 g4 30. Ra5 gxf3 31. Raxb5 fxg2 32. Bxc4 f3 33. Bxc5 Bxh2+
34. Kxh2 Qg4 35. Bf2 Qxc4 36. Rc5+ Qxc5 37. Bxc5 Re2 38. Qxe2 fxe2 39. Re1 Bxd5
40. Rxe2 Bf3 41. Re5 g1=Q+ 42. Bxg1 Rg2+ 
0-1

[Event "Eliteserien 2008-2009"]
[Site "Haraldsheim"]
[Date "2008.11.07"]
[Round "1"]
[White "Lie, Kjetil A."]
[Black "Hammer, Jon Ludvig"]
[Result "1/2-1/2"]
[WhiteElo "2528"]
[BlackElo "2565"]
[PlyCount "154"]
[EventDate "2008.??.??"]

1. e4 e5 2. Nf3 Nc6 3. d4 exd4 4. Nxd4 Nf6 5. Nxc6 bxc6 6. e5 Qe7 7. Qe2 Nd5 8.
c4 Nb6 9. Nd2 a5 10. g3 a4 11. Bg2 Qe6 12. O-O Ra5 13. Re1 Ba6 14. Bf1 Bb4 15.
Qe4 a3 16. Rb1 axb2 17. Rxb2 Bc3 18. Rb3 Bxd2 19. Bxd2 Rxa2 20. Be3 O-O 21.
Bxb6 cxb6 22. Rxb6 g6 23. Reb1 Kg7 24. Qd4 f6 25. Re1 Rf7 26. f4 fxe5 27. Rxe5
Qf6 28. Rb8 d6 29. Re4 Qxd4+ 30. Rxd4 d5 31. Rb1 dxc4 32. Rxc4 Rd7 33. Rxc6
Bxf1 34. Rxf1 Rdd2 35. Rc7+ Kh6 36. Rf3 Rg2+ 37. Kf1 Rxh2 38. Kg1 Rhg2+ 39. Kf1
Rgb2 40. Kg1 Rb1+ 41. Rf1 Rbb2 42. Rf3 Ra1+ 43. Rf1 Ra3 44. Rf2 Rxg3+ 45. Kh2
Rbb3 46. Kh1 Rb1+ 47. Kh2 Rgb3 48. Re2 Rf3 49. Rf7 Rbf1 50. Re4 R1f2+ 51. Kg1
Kh5 52. f5 gxf5 53. Rxh7+ Kg6 54. Ree7 Rf1+ 55. Kg2 R3f2+ 56. Kh3 Ra2 57. Kg3
f4+ 58. Kg4 Rg2+ 59. Kh3 Rg3+ 60. Kh2 Rf2+ 61. Kh1 Rf1+ 62. Kh2 Rf2+ 63. Kh1
Kf5 64. Ra7 Re3 65. Kg1 Rd2 66. Kf1 Rd1+ 67. Kf2 Rd2+ 68. Kf1 Re6 69. Rhf7+ Kg4
70. Ra4 Rd1+ 71. Kf2 Rd2+ 72. Kf1 Kg3 73. Ra3+ Re3 74. Rxe3+ fxe3 75. Ke1 Rf2
76. Rxf2 exf2+ 77. Kf1 Kf3 
1/2-1/2

[Event "Eliteserien 2008-2009"]
[Site "Haraldsheim"]
[Date "2008.11.07"]
[Round "1"]
[White "Øgaard, Leif"]
[Black "Lie, Espen"]
[Result "0-1"]
[WhiteElo "2372"]
[BlackElo "2436"]
[PlyCount "148"]
[EventDate "2008.??.??"]

1. d4 Nf6 2. c4 c5 3. d5 e6 4. Nc3 exd5 5. cxd5 d6 6. Nf3 g6 7. Nd2 Bg7 8. e4
O-O 9. Be2 Nbd7 10. O-O Re8 11. a4 a6 12. Qc2 Ne5 13. Ra3 g5 14. Nd1 Ng6 15.
Ne3 Nf4 16. Bd1 Rb8 17. a5 b5 18. axb6 Rxb6 19. Ndc4 Rb8 20. f3 h6 21. Kh1 Ng6
22. Bd2 Nh5 23. Bc3 Bxc3 24. Qxc3 Ng7 25. Na5 Qc7 26. Nc6 Ra8 27. Nc4 Bd7 28.
Ba4 Rf8 29. b4 Bxc6 30. Bxc6 cxb4 31. Qxb4 Rab8 32. Qxd6 Qa7 33. Raa1 Qd4 34.
Rac1 Nf4 35. Rfd1 Nd3 36. Rxd3 Qxd3 37. Ne5 Qc2 38. Rg1 Rb1 39. h3 Rxg1+ 40.
Kxg1 Qc1+ 41. Kh2 Qf4+ 42. Kg1 Nh5 43. Bd7 Qc1+ 44. Kh2 Qf4+ 45. Kg1 Qg3 46.
Nxf7 Rxf7 47. Qg6+ Kf8 48. Qxh6+ Ng7 49. Be6 Qe1+ 50. Kh2 Qh4 51. Qg6 Qf4+ 52.
Kg1 Rf6 53. Qh7 Qc1+ 54. Kh2 Qc7+ 55. Kg1 Nxe6 56. Qh8+ Ke7 57. dxe6 Qc1+ 58.
Kh2 Qf4+ 59. Kg1 Rxe6 60. Qg7+ Ke8 61. Qg8+ Kd7 62. Qg7+ Re7 63. Qg6 a5 64. Qa6
Qc1+ 65. Kh2 Qc7+ 66. Kh1 Qc5 67. Qb7+ Ke6 68. Qa6+ Kf7 69. Qh6 Rd7 70. Qh7+
Ke8 71. Qg8+ Ke7 72. Qg7+ Kd8 73. Qf6+ Kc7 74. e5 Qc1+ 
0-1

[Event "Eliteserien 2008-2009"]
[Site "Haraldsheim"]
[Date "2008.11.07"]
[Round "1"]
[White "Lahlum, Hans O."]
[Black "Moen, Andreas G.R."]
[Result "1/2-1/2"]
[WhiteElo "2141"]
[BlackElo "2341"]
[PlyCount "21"]
[EventDate "2008.??.??"]

1. d4 Nf6 2. c4 e6 3. Nc3 Bb4 4. Qc2 d5 5. cxd5 exd5 6. Bg5 h6 7. Bxf6 Qxf6 8.
a3 Ba5 9. e3 Be6 10. Qa4+ Nc6 11. Bb5 
1/2-1/2

[Event "Eliteserien 2008-2009"]
[Site "Haraldsheim"]
[Date "2008.11.07"]
[Round "1"]
[White "Sousa, Helsio Paulo"]
[Black "Furu, Thormod"]
[Result "1/2-1/2"]
[WhiteElo "2184"]
[BlackElo "1871"]
[PlyCount "66"]
[EventDate "2008.??.??"]

1. e4 d5 2. exd5 Qxd5 3. Nc3 Qa5 4. d4 Nf6 5. Bd2 c6 6. Bc4 Bf5 7. Nd5 Qd8 8.
Nxf6+ gxf6 9. Nf3 e6 10. c3 Nd7 11. Nh4 Bg6 12. Qf3 Qa5 13. O-O Bd6 14. Rfe1
O-O-O 15. b4 Qh5 16. Qh3 Bc7 17. g4 Bf5 18. f3 Rhg8 19. Be2 Ne5 20. dxe5 Rxd2
21. Rad1 Qg5 22. Ng2 Rxd1 23. Rxd1 Bc2 24. f4 Qg6 25. Rd2 Ba4 26. f5 exf5 27.
Bd3 Qg5 28. Bxf5+ Kb8 29. Qxh7 Rg7 30. Qh8+ Rg8 31. Qh7 Rg7 32. Qh8+ Rg8 33.
Qh7 Rg7 
1/2-1/2

[Event "Eliteserien 2008-2009"]
[Site "Haraldsheim"]
[Date "2008.11.07"]
[Round "1"]
[White "Røyset, Jon Kr."]
[Black "Hansen, Torbjørn R."]
[Result "0-1"]
[WhiteElo "2076"]
[BlackElo "2433"]
[PlyCount "44"]
[EventDate "2008.??.??"]

1. e4 c5 2. Nf3 d6 3. d4 cxd4 4. Nxd4 Nf6 5. Nc3 a6 6. Bg5 e6 7. f4 Nbd7 8. Qf3
Qc7 9. O-O-O b5 10. e5 Bb7 11. Qh3 dxe5 12. Nxe6 fxe6 13. Qxe6+ Be7 14. Bxb5
axb5 15. Nxb5 Qc6 16. Nd6+ Kd8 17. Nf7+ Kc7 18. Qxe7 Rxa2 19. Qd6+ Qxd6 20.
Nxd6 Ra1+ 21. Kd2 Rxd1+ 22. Rxd1 Kxd6 
0-1

[Event "Eliteserien 2008-2009"]
[Site "Haraldsheim"]
[Date "2008.11.07"]
[Round "1"]
[White "Bae, Torstein"]
[Black "Jæger, Frode Bull"]
[Result "1/2-1/2"]
[WhiteElo "2376"]
[BlackElo "2031"]
[PlyCount "88"]
[EventDate "2008.??.??"]

1. e4 c5 2. Nf3 d6 3. d4 cxd4 4. Nxd4 Nf6 5. Nc3 g6 6. Bc4 Bg7 7. O-O O-O 8.
Bb3 Nc6 9. h3 Qa5 10. Be3 Bd7 11. Re1 Qh5 12. Qd2 Nxd4 13. Bxd4 Bc6 14. Nd5
Bxd5 15. exd5 Rfe8 16. Ba4 Qxd5 17. Bxe8 Rxe8 18. Qd3 Nd7 19. Bxg7 Qxd3 20.
cxd3 Kxg7 21. Rec1 Nc5 22. d4 Ne6 23. d5 Nf4 24. Rc7 Nxd5 25. Rxb7 a6 26. Rc1
Kf6 27. b4 Ke5 28. a3 Ra8 29. Rc4 g5 30. Kf1 h5 31. Ke2 f5 32. a4 g4 33. hxg4
hxg4 34. g3 e6 35. b5 axb5 36. Rxb5 Kf6 37. a5 Ra7 38. Rc6 Ke7 39. a6 Kd7 40.
Rb7+ Kxc6 41. Rxa7 Nc7 42. Kd3 Kb6 43. Rb7+ Kc6 44. Ra7 Kb6 
1/2-1/2

[Event "Eliteserien 2008-2009"]
[Site "Haraldsheim"]
[Date "2008.11.07"]
[Round "1"]
[White "Simula, Leon"]
[Black "Urkedal, Frode Olav Olsen"]
[Result "0-1"]
[WhiteElo "2062"]
[BlackElo "2276"]
[PlyCount "82"]
[EventDate "2008.??.??"]

1. d4 Nf6 2. c4 e6 3. Nc3 Bb4 4. Qc2 O-O 5. Nf3 d5 6. a3 Bxc3+ 7. Qxc3 c5 8.
dxc5 Nc6 9. b4 d4 10. Qc2 Re8 11. e4 e5 12. Bd3 Bg4 13. Qe2 a5 14. Rb1 axb4 15.
axb4 Ra4 16. Bd2 Ra2 17. h3 Bxf3 18. Qxf3 Qa8 19. Qd1 Qa3 20. Rb3 Qa4 21. Rb1
Qxd1+ 22. Kxd1 Rea8 23. Ke2 Nh5 24. g3 f5 25. Rhd1 f4 26. b5 Nd8 27. g4 Nf6 28.
c6 bxc6 29. c5 Kf8 30. Rdc1 f3+ 31. Ke1 R8a3 32. Bc2 cxb5 33. g5 Nh5 34. Bb4
Ra7 35. c6+ Ke8 36. Bb3 Re2+ 37. Kf1 Nf4 38. c7 Nd3 39. c8=Q Rxf2+ 40. Kg1 Rg2+
41. Kh1 Nf2# 
0-1